Ideology, political education and teacher education : matching paradigms and models (Record no. 70083)

MARC details
000 -CABECERA
campo de control de longitud fija 00650nam a2200229 a 4500
005 - FECHA Y HORA DE LA ÚLTIMA TRANSACCIÓN
campo de control 20210219153153.0
008 - ELEMENTOS DE LONGITUD FIJA--INFORMACIÓN GENERAL
campo de control de longitud fija 991125n 000 0 u
035 ## - NÚMERO DE CONTROL DEL SISTEMA
Número de control de sistema UPN01000081669
100 ## - ASIENTO PRINCIPAL--NOMBRE PERSONAL
Nombre de persona Fien, John
222 ## - TÍTULO CLAVE
Título clave JOURNAL OF CURRICULUM STUDIES
245 ## - MENCIÓN DE TÍTULO
Título Ideology, political education and teacher education : matching paradigms and models
300 ## - DESCRIPCIÓN FÍSICA
Extensión 239-256
362 ## - FECHAS DE PUBLICACIÓN Y/O DESIGNACIÓN SECUENCIAL
Fecha de publicación y/o designación secuencial 23, No. 3, 1991
505 ## - NOTA DE CONTENIDO CON FORMATO PREESTABLECIDO
Nota de contenido con formato Abril 1992
653 0# - TERMINO DE INDIZACION - NO CONTROLADO
Término no controlado ACTIVISMO
653 0# - TERMINO DE INDIZACION - NO CONTROLADO
Término no controlado EDUCACION CIVICA
653 0# - TERMINO DE INDIZACION - NO CONTROLADO
Término no controlado FORMACION DE MAESTROS
653 0# - TERMINO DE INDIZACION - NO CONTROLADO
Término no controlado MODELOS DE ENSE\197ANZA
653 0# - TERMINO DE INDIZACION - NO CONTROLADO
Término no controlado OBJETIVOS EDUCATIVOS
904 ## - ELEMENTOS DE DATOS D LOCAL, LDD (RLIN)
a AC
b 019480
905 ## - TIPO DE MATERIAL
Tipo de material Articulo

No items available.